| 000 | 00362nam a2200133Ia 4500 | ||
|---|---|---|---|
| 008 | 190430s9999 xx 000 0 und d | ||
| 245 | _aSea-level rise claims 5 islands in Solomons - study/ | ||
| 260 | _bThe Philippine Star | ||
| 260 | _c2016 | ||
| 300 | _aMay 7 | ||
| 440 | _aThe Philippine Star | ||
| 650 | _aGeography | ||
| 650 | _aSolomon island -- Pacific | ||
| 999 |
_c361788 _d361788 |
||